| 000 | 00981nam a2200265 i 4500 | ||
|---|---|---|---|
| 001 | bg | ||
| 100 | 1 | _aZARZYCKI, Zbigniew | |
| 245 | 1 | 0 |
_aOpory niestacjonarnego ruchu cieczy w przewodach zamkniętych / _cZbigniew Zarzycki. |
| 260 |
_aSzczecin : _bWydaw. Uczelniane PS, _c1994. |
||
| 300 |
_a124, [2] s. : _brys., wykr. ; _c24 cm. |
||
| 490 | 1 |
_aPrace Naukowe Politechniki Szczecińskiej. KAtedra Mechaniki i Podstaw Konstrukcji Maszyn ; _vnr 2 |
|
| 500 | _aNumeracja ser. gł. : nr 516. | ||
| 504 | _aBibliogr. s. 111-120. - Summ., Zsfassung. | ||
| 650 | 9 |
_aHydraulika _xurządzenia |
|
| 650 | 9 |
_aModele matematyczne _xstosowanie |
|
| 650 | 9 |
_aPrzepływ _xbadanie _xmetody |
|
| 830 | 0 |
_aPrace Naukowe Politechniki Szczecińskiej. _pKAtedra Mechaniki i Podstaw Konstrukcji Maszyn ; _vnr 2 |
|
| 020 | _a8386359110 | ||
| 040 | _cBPK | ||
| 041 | _apol | ||
| 080 | _a621.22:532:519.8 | ||
| 920 | _a83-86359-11-0 | ||
| 942 | _cKS | ||
| 008 | s pl f |000 0 pol | ||
| 999 |
_c30456 _d30456 |
||
| 856 |
_uhttp://koha.tu.koszalin.pl/cgi-bin/koha/opac-detail.pl?biblionumber=30456 _yKatalog online BPK |
||